| 000 | 00393nam a2200157Ia 4500 | ||
|---|---|---|---|
| 003 | LK-CoDNM | ||
| 008 | 010623t1906 xxu||||| |||| 00| 1 eng d | ||
| 040 |
_aLK-CoDNM _dLK-CoDNM _eLK-CoDNM |
||
| 041 | _aeng | ||
| 080 | _a8 R 8 | ||
| 100 | _aMyres,J.L. | ||
| 245 | _aThe Evolution of Culture and others Essays | ||
| 260 |
_bOxford _aLondon _c1906 |
||
| 300 | _bxx,232p,pl., 22 cm | ||
| 942 | _cBK | ||
| 999 |
_c86267 _d86267 |
||